000 00633cam a22002293a 4500
001 3017
003 PGUSA
005 20140828083024.0
008 020101s2002||||xxu|||||s|||||000 | eng d
040 _aPGUSA
_beng
042 _adc
050 4 _aHQ
245 1 4 _aThe Forerunner, Volume 1 (1909-1910)
_h[electronic resource]
260 _bProject Gutenberg,
_c2002
506 _aPublic domain in the USA.
516 _aElectronic text
653 _aWomen -- Periodicals
700 1 _aGilman, Charlotte Perkins,
_d1860-1935
830 0 _aProject Gutenberg
_v3017
856 4 0 _uhttp://www.gutenberg.org/ebooks/3017
942 _cEB
999 _c232347
_d232347